Rysovanie pre 6.-8. postupný ročník osobitných škôl

Bibliographic Details
Main Author: Mareš, Karel, 1910- (Author)
Other Authors: Horváth, Štefan, 1920-1986 (Translator)
Format: Book
Language:Slovak
Czech
Published: Bratislava Slovenské pedagogické nakladateľstvo 1958
Edition:1. vyd.
Subjects:

MARC

LEADER 00000cam a2200000 a 4500
001 vtls008317473
003 SK-MaSNL
005 20260301182950.0
008 230403s1958 xo a f p 000 0 slo
015 |a SNBA1958/05-00709 
020 |q (viazané) 
035 |a SK01SNK19580009690 
035 |a urn:nbn:sk:snk-am3hrw4 
035 |a A6E814C7-762C-4199-B803-3FA6D5AF304D 
035 |a urn:nbn:sk:snk-am00d73d 
035 |a SKM000012153 
040 |a SNK  |b slo  |c SNK  |e AACR2 
041 1 |a slo  |h cze 
044 |a xo  |c SK 
072 7 |a 51  |x Matematika  |2 konspekt 
072 7 |a 37.016  |x Učebné osnovy. Vyučovacie predmety. Učebnice  |2 konspekt 
080 |a 372.874.4(075.2)  |2 1981 
080 |a 51  |2 2011 
080 |a 744.43  |2 2001 
080 |a (075.2)  |2 2011 
100 1 |a Mareš, Karel,  |d 1910-  |4 aut  |9 107182 
245 1 0 |a Rysovanie pre 6.-8. postupný ročník osobitných škôl  |c Karel Mareš ; [preložil: Štefan Horváth] 
250 |a 1. vyd. 
260 |a Bratislava  |b Slovenské pedagogické nakladateľstvo  |c 1958 
300 |a 96 strán  |b ilustrácie  |c 21 cm 
366 |e 1400 kusov 
500 |a Preložené z češtiny 
650 0 7 |a rysovanie  |2 SNKPH  |9 3081 
650 0 7 |a matematika  |2 SNKPH  |9 70174 
655 7 |a učebnice základných škôl  |2 SNKPH  |9 70187 
700 1 |a Horváth, Štefan,  |d 1920-1986  |4 trl  |9 178597 
852 |a Slovenská národná knižnica 
954 |a odborná, vedecká literatúra cudzojazyčná (svetová)  |2 lita 
958 |a RK 
958 |a TL 
958 |a OP 
958 |a CZ 
958 |a OND 
958 |a EUIPO 
999 |c 855366  |d 857296 
952 |a SNK  |b SNK  |y PREZ  |7 0  |p 17A0831451  |o snkSC 11504  |i snkKSP 1463/58  |0 0  |1 0  |4 0  |d 2019-11-15  |f 1  |l 0  |r 2025-07-11 00:00:00  |w 2026-02-24